| 000 | 01597nam0a2200361 4500 | ||
|---|---|---|---|
| 001 | RU\NLR\bibl\244916 | ||
| 005 | 20250619114846.0 | ||
| 010 |
_a5-224-03173-7 _bВ пер. _95000 |
||
| 021 |
_aRU _b2001-59204 _92884 |
||
| 035 | _a(NLR Aleph) 000240776 | ||
| 090 |
_a1403236 _c1403236 |
||
| 100 | _a20020320d2001 |||y0rusy50 ca | ||
| 101 | 0 | _arus | |
| 102 | _aRU | ||
| 105 | _ay ||||||||| | ||
| 200 | 1 |
_aФабрикантша _eРоман, рассказы _fНаталья Смирнова |
|
| 210 |
_aМ. _cОЛМА-Пресс _d2001 |
||
| 215 |
_a317,[1] с. _d21 |
||
| 225 | 1 |
_aОригинал _fСост. Борис Кузьминский _iЛитература категории А |
|
| 327 | 0 | _aСодерж.: Фабрикантша: Роман; Рассказы: Женщины и сапожники; Чужой; И вот, привыкшая к обычным дням...; Барочный пейзаж; Домработница; Собачий переулок; Мужской грех; Наука букв; Народный роман и др. | |
| 675 |
_a821.161.1-31/-32Смирнова _v3 _zrus |
||
| 686 |
_a17.82 _2rugasnti |
||
| 686 |
_a84(2Рос=Рус)6-44 _2rubbk |
||
| 686 | _aШ6(2=Р)75-44 | ||
| 700 | 1 |
_4070 _7ca _8rus _aСмирнова _bН. В. _cпрозаик, филолог _gНаталья Вениаминовна _9231565 _3RU\NLR\AUTH\770231621 |
|
| 801 | 0 |
_aRU _bRKP _c20020320 _gPSBO |
|
| 801 | 1 |
_aRU _bRKP _c20020320 |
|
| 801 | 2 |
_aRU _bNLR _c20020411 _grcr |
|
| 942 | _cBOOK | ||
| 980 | _aNB | ||